000 00554nam a22001817a 4500
005 20251108164147.0
008 250721s2000 xx 000 0 ara d
082 1 4 _aم/216.03/بور
100 1 _aالبوربؤ، محمد صديقي
245 1 0 _aموسوعة القواعد الفقهية /
264 1 _aالرياض :
_bدار ابن حزم،
_c2000.
300 _aج1-6
650 1 7 _aالفقه الإسلامي
650 1 7 _aالفقهاء المسلون
650 1 7 _aالشريعة الإسلامية
942 _2ddc
_cREF
999 _c5137
_d5137